Лотте Луизе хоёр (Бичлэгийн дугаар. 1054576)

MARC дэлгэрэнгүй
000 -Удирдлага
Ном зүйн бүртгэл тоо буюу кодлох утгыг агуулсан 00924nam a22002417a 4500
008 - ЕРӨНХИЙ МЭДЭЭЛЭЛ-ЭЛЕМЕНТҮҮДИЙН ӨГӨГДЛИЙН УРТ
fixed length control field 240620b mp ||||| |||| 00| 0 mon d
020 ## - ОЛОН УЛСЫН СТАНДАРТ НОМЫН ДУГААР-ISBN
Олон Улсын Стандарт Номын Дугаар 978-99973-1-794-0
035 ## - СИСТЕМИЙН ХЯНАЛТЫН ДУГААР
Системийн хяналтын дугаар 20828
040 ## - ЭХ СУРВАЛЖИЙГ ТОДОРХОЙЛОН БИЧИХ
Анхны каталогийн байгууллага UM0146080
Каталогийн хэл Монгол
Бичлэг хийж нэвтрүүлэх байгууллага MN-UlNLM
Өөрчлүүлэх байгууллага MN-UlNLM
Бичиглэлийн тодорхойлолт rda
041 ## - ХЭЛНИЙ КОД
Текстийн хэлний код/фонограм буюу салангид гарчиг Монгол
042 ## - AUTHENTICATION CODE
Authentication code 80913
084 ## - БУСАД АНГИЛЛЫН ДУГААР
Ангиллын нэр Номын сан номзүйн ангилал
Анги 84/4Гер/
Зохиогчийн 3-н тэмдэгт К986
100 ## - ЗОХИОГЧИЙН ХЭСЭГ
Зохиогчийн нэр Кэстнер Э
245 #0 - ҮНДСЭН ГАРЧИГ
Гарчиг Лотте Луизе хоёр
264 ## - ГАРАЛТЫН МЭДЭЭ
Хэвлэгдсэн газар Улаанбаатар
Бүтээгч, хэвлэгч, түгээгч, үйлдвэрлэгчийн нэр Мон судар ХГ
Хэвлэгдсэн он 2019
300 ## - ТООНЫ МЭДЭЭ
Хуудасны тоо 188х.
336 ## - АГУУЛГЫН ТӨРӨЛ
Нөөц rdacontent
Агуулгын төрлийн нөхцөл text
Агуулгын төрлийн код txt
337 ## - MEDIA TYPE
Эх сурвалж rdamedia
Файлын төрөл unmediated
Файлын код n
338 ## - CARRIER TYPE
Source rdacarrier
Carrier type term volume
Carrier type code nc
650 ## - Сэдэв
Сэдэв Нэрт зохиолч, яруу найрагч Эрих Кэстнер нь 1960 онд бага насныхаа намтар зохиолоор Ханс Кристиан Андерсений шагналыг хүртсэн бөг...
942 ## - ЭЛЕМЕНТИЙН ТӨРӨЛ
Анги Номын сан номзүйн ангилал
Төрөл Ном
Захиалгууд
Буцаан татагдсан төлөв Хасагдсан шалтгаан Гэмтсэн төлөв Данс заагч Захиалах боломжгүй Үндсэн номын сан Одоогийн байршил Салбар танхим Салбар танхим Бүртгэсэн огноо Тавиурын заалт Баркод Үнэ Хамгийн сүүлд байсан огноо Нийт уншлаганд гарсан тоо Дансны дугаар Төрөл
          Өмнөговь аймаг Өмнөговь аймаг Өмнөговь | Хүүхдийн уншлагын танхим Өмнөговь | Хүүхдийн уншлагын танхим 2024-07-01 84/4Гер/ К986 UM01420828-2-1 12900.00 2024-07-01   91515 Ном
          Өмнөговь аймаг Өмнөговь аймаг Өмнөговь | Гэрээр ном олгох Өмнөговь | Гэрээр ном олгох 2024-07-01 84/4Гер/ К986 UM01420828-3-1 12900.00 2024-07-01   93049 Ном